M24->Zabrze Goethego - Statystyki

Ogólne statystyki
  • Ten quiz został rozwiązany 11 razy
  • Średni wynik to 8 z 15
Statystyki odpowiedzi
Miasto Przystanek % Poprawnych
Katowice Katowice Mickiewicza
88%
Zabrze Zabrze Goethego
88%
Katowice Dąb Huta Baildon
63%
Ruda Śląska Ruda Południowa
63%
Ruda Śląska Chebzie Dworcowa
50%
Katowice Dąb Kościół
50%
Katowice Osiedle Tysiąclecia Mieszka I
50%
Katowice Osiedle Tysiąclecia ZOO
50%
Świętochłowice Świętochłowice Polna
50%
Zabrze Zaborze Skargi
50%
Zabrze Zaborze Wolności
50%
Zabrze Zabrze 3 Maja Szpital
50%
Chorzów Chorzów Hala Sportowa
38%
Chorzów Chorzów Nomiarki
38%
Katowice Osiedle Tysiąclecia Zawiszy Czarnego
38%
Nie znaleziono quizów pasujących do podanych kryteriów
Rozkład punktacji
Procent ludzi z każdym wynikiem
Percentyl według liczby udzielonych odpowiedzi
Twoja historia wyników
Nie rozwiązałeś tego quizu